000 01827nam1a2200349 i 4500
001 RU\NLR\bibl\58587
005 20260407101949.0
035 _a(NLR Aleph) 000057138
090 _a309442
_c309442
100 _a19991115g19999999u y0rusy50 ca
101 0 _arus
102 _aRU
105 _ay |||||||||
200 1 _aЛекции по страноведению (Германия) для студентов II курса факультета иностранных языков
_e[Основная спец. - нем. яз.]
_fМ-во общ. и проф. образования Рос. Федерации, Магнитогор. гос. пед. ин-т
_g[Сост. Г.П. Яковенко]
210 _aМагнитогорск
_cИзд-во МГПИ
_d1999
215 _d21
463 0 _100156437
463 0 _1001566651
607 _aГермания
_jРуководства, пособия и т.п. для высшей школы
_xИстория
_9969930
_3RU\NLR\auth\6644780
607 _aГермания
_jУчебные издания для высшей школы
_xИстория
_9969930
_3RU\NLR\auth\6644780
607 _aГермания
_jРуководства, пособия и т.п.
_92075724
_3RU\NLR\auth\661250808
607 _aГермания
_jУчебные издания для высшей школы
_92075724
_3RU\NLR\auth\661250808
686 _aТ3(4Г)я73-2
686 _aД890(44Г)я73-2
702 1 _aЯковенко
_bГ. П.
_gГалина Петровна
_4220
712 0 2 _4570
_aМагнитогорский педагогический институт
_9355221
_3RU\NLR\AUTH\889929820
801 0 _aRU
_bNLR
_c19991115
_gPSBO
801 1 _aRU
_bNLR
_c19991115
830 _aСост. раскрыт по кн.
852 _aNLR
_j99-4/7478
942 _cBOOK